Busser med Norsk sidestilt 2024 (konsept) - Lett - Statistics

General Stats
  • This quiz has been taken 34 times
  • The average score is 17 of 36
Answer Stats
Hint Answer % Correct
Kuken (Eikeli A Gutter) Lazertits
81%
Sleiken (Rottegård A Gutter) Ringenes herre
81%
Pungen (Nordstrand A Gutter) Spilledåsa
81%
Pappa (OHG A Gutter) Hillside
75%
Subben/Myggen (Blindern A Gutter) Kvelertak
75%
Wonderboys (Vika A Gutter) Hodemist
69%
Legenden (STB A Gutter) Project ledg
69%
Huldra (OHG A Jenter) Rett vest
69%
Doning1 (Nadderud Gutter) Breadhead redemption
63%
Øgla (Follo A Gutter) Bussmaster
63%
Vulvaen (Nesbru A Gutter) Stinn brakke
63%
Larven (OHG B Gutter) Storvilt
63%
Gnisten (Sandvika A Gutter) Svirebror
63%
Arna (Asker A Gutter) Grabbarna
56%
Jesus (Ullern A Gutter) Motorhead
56%
Hvalen (STB Jenter) Ohmaigod
56%
Ærna (Blindern B Gutter) Space sex
56%
Titsmaskin1 (Nordstrand B Gutter) Bedbulls
50%
Klitten (Ullern B Gutter) Grovemaskin
50%
Jomfru1 (Lørenskog Gutter) Tiedemanns
50%
Bien (Grimstad) Brahman
44%
Pitten (Ullern/Pers C Gutter) Brickhouse
44%
Kartongen (Follo A Jenter) Melkeruta
44%
Biffen (STB B Gutter) Schtuka
44%
Parken (Eikeli B Gutter) Titzbuhel
44%
Kidden (OHG B Jenter) Just kiddin
38%
Kunstverket (Eikeli A Jenter) Politits
38%
Balla (Eikeli B Jenter) Suad
38%
Toget (Blindern A Jenter) Alle barna
25%
Sleden (Ullern A Jenter) Nutcracker
25%
Kari (Blindern B Jenter) Rundrullt
19%
Raketten (Nordstrand B Jenter) Neverest
13%
Arn2 (Ullern B Jenter) Rullball
13%
Gubben (Fredrikstad) Tour de bus
13%
Macken (Sandefjord) Mackqueens
6%
Dronningen (Nordstrand A Jenter) Russhour
0%
No matching quizzes found
Score Distribution
Percent of People with Each Score
Percentile by Number Answered
Your Score History
You have not taken this quiz